zpět

Detail výsledku týmu

Za Vodojemem, Chrudim

Datum a čas kvízu

20.5 Celkem bodů Celkový počet nahraných bodů na tomto kvízu bez doplňovacích otázek.
11. Pořadí na kvízu Konečné umístění týmu na tomto kvízu.

Zaznamenané odpovědi

# Otázka Odpověď Body Výsledky
1. Premiér Petr Fiala má nově pro... TikTok 0
2. Minulý týden se konal mítink D... Barack Obama, Eminem 1
3. Český film režiséra Petra Slav... Tancuj Matyldo 0
4. Minulý týden jsme se dozvěděli... C) Alan Turing 1
5. Fotbalový klub Vikingur Reykja... palety 0
6. Vzhledem ke končící bohaté hou... prsten; třeň 1
7. Uveďte rodové jméno tohoto ptá... čížek 0
8. Při nocování v lese jste už mo... liška 0
9. V průběhu léta zástupci jeleno... lýčí 0
10. Na jaře se řada lidí vydává do... konvalinka; ocún 1